[Event "C.to Sociale Alfieri"]
[Site "Torino ITA"]
[Date "2009.11.07"]
[Round "7"]
[White "Giacomasso, Enrico"]
[Black "Zunino, Davide"]
[Result "0-1"]
[WhiteElo "2012"]
[BlackElo "2003"]
[PlyCount "98"]
[EventDate "2009.10.10"]

1. e4 e5 2. Nf3 Nc6 3. Bb5 f5 4. Nc3 fxe4 5. Nxe4 Nf6 6. d3 d5 7. Nxe5 dxe4 8.
Nxc6 Qd6 9. Nxa7+ Bd7 10. Bxd7+ Qxd7 11. Be3 b6 12. dxe4 Qxd1+ 13. Kxd1 Rxa7
14. f3 Bd6 15. Ke2 Kf7 16. a3 Re8 17. Rad1 Nd7 18. Rd5 Re5 19. Rhd1 Rxd5 20.
Rxd5 Ke6 21. g3 Bc5 22. Bf4 g6 23. c3 Bf8 24. Be3 Ne5 25. Rd8 Bd6 26. f4 Nc4
27. Bc1 Be7 28. Rh8 h5 29. e5 c6 30. Kd3 Na5 31. Ke4 Nb3 32. Be3 Bc5 33. Rh6
Ra4+ 34. Bd4 Kf7 35. e6+ Kxe6 36. Rxg6+ Kd7 37. Rh6 h4 38. Rxh4 Be7 39. Rh5 c5
40. Rd5+ Kc6 41. h4 cxd4 42. cxd4 Bf6 43. Rh5 Bxd4 44. Rh6+ Kb5 45. Kd3 Nc5+
46. Kc2 Rc4+ 47. Kb1 Nb3 48. Rh7 Rc1+ 49. Ka2 Kc4 0-1

[Event "C.to Sociale Alfieri"]
[Site "Torino ITA"]
[Date "2009.11.07"]
[Round "7"]
[White "Moncelli, Giorgio"]
[Black "Sarno, Spartaco"]
[Result "1/2-1/2"]
[WhiteElo "2071"]
[BlackElo "2324"]
[PlyCount "20"]
[EventDate "2009.10.10"]

1. d4 Nf6 2. c4 g6 3. Nc3 Bg7 4. e4 O-O 5. f3 d6 6. Bg5 a6 7. Qd2 Nc6 8. Nge2
Rb8 9. Rc1 Re8 10. Ng3 e5 1/2-1/2

[Event "C.to Sociale Alfieri"]
[Site "Torino ITA"]
[Date "2009.11.07"]
[Round "7"]
[White "Topczewski, Damian"]
[Black "Leoni, Alessandro"]
[Result "1-0"]
[WhiteElo "2126"]
[BlackElo "1876"]
[PlyCount "35"]
[EventDate "2009.10.10"]

1. e4 c5 2. Nf3 Nc6 3. Bb5 g6 4. O-O Bg7 5. c3 Nf6 6. Re1 O-O 7. d4 cxd4 8.
cxd4 Qb6 9. Nc3 a6 10. Bc4 Na5 11. Bf1 d6 12. h3 Be6 13. d5 Bd7 14. Be3 Qxb2
15. Bd4 Qa3 16. Re3 Bh6 17. Nb5 Qb4 18. a3 1-0

[Event "C.to Sociale Alfieri"]
[Site "Torino ITA"]
[Date "2009.11.08"]
[Round "8"]
[White "Leoni, Alessandro"]
[Black "Zunino, Davide"]
[Result "1/2-1/2"]
[WhiteElo "1876"]
[BlackElo "2003"]
[PlyCount "45"]
[EventDate "2009.10.10"]

1. e4 e5 2. Nf3 Nc6 3. Bb5 f5 4. Nc3 fxe4 5. Nxe4 Nf6 6. Nxf6+ Qxf6 7. Qe2 Be7
8. Bxc6 dxc6 9. Nxe5 Bf5 10. d4 O-O 11. O-O Bd6 12. Bd2 Rae8 13. Rae1 Bxe5 14.
dxe5 Qg6 15. Rc1 Re6 16. Bb4 Rfe8 17. f4 b6 18. Qc4 c5 19. Bc3 Rf8 20. Rf2 Be4
21. Qe2 h5 22. Rd1 Re7 23. Rd2 1/2-1/2

[Event "C.to Sociale Alfieri"]
[Site "Torino ITA"]
[Date "2009.11.08"]
[Round "8"]
[White "Ranieri, Fabrizio"]
[Black "Moncelli, Giorgio"]
[Result "1/2-1/2"]
[WhiteElo "2264"]
[BlackElo "2071"]
[PlyCount "65"]
[EventDate "2009.10.10"]

1. e4 e5 2. Nf3 Nc6 3. Bc4 Bc5 4. d3 Nf6 5. a3 a6 6. Nc3 d6 7. Bg5 h6 8. Bh4
Be6 9. Qd2 Nd4 10. Nxd4 Bxd4 11. Bxe6 fxe6 12. O-O-O Bxc3 13. Qxc3 Qe7 14. f3
c5 15. f4 exf4 16. e5 Nd5 17. Qe1 g5 18. Bf2 O-O-O 19. Qe4 Kb8 20. Rde1 Nc7 21.
Qc4 d5 22. Qxc5 Qxc5 23. Bxc5 Rd7 24. Rhf1 Rf7 25. g3 f3 26. g4 h5 27. h3 hxg4
28. hxg4 Rh4 29. Re3 Rh3 30. Ree1 Rh4 31. Re3 Rh3 32. Ree1 Rh4 33. Re3 1/2-1/2

[Event "C.to Sociale Alfieri"]
[Site "Torino ITA"]
[Date "2009.11.08"]
[Round "8"]
[White "Sarno, Spartaco"]
[Black "Giacomasso, Enrico"]
[Result "1-0"]
[WhiteElo "2324"]
[BlackElo "2012"]
[PlyCount "63"]
[EventDate "2009.10.10"]

1. d4 Nf6 2. c4 e6 3. Nf3 d5 4. Nc3 c6 5. Bg5 Be7 6. e3 Nbd7 7. Qc2 h6 8. Bf4
a6 9. c5 Nh5 10. Bd3 Nxf4 11. exf4 Qc7 12. g3 O-O 13. O-O Rb8 14. Rfe1 b6 15.
cxb6 Qxb6 16. Na4 Qb7 17. Rac1 c5 18. dxc5 Qb4 19. a3 Qb3 20. Nd4 Qxc2 21. Rxc2
Bf6 22. Nc6 Rb3 23. Re3 d4 24. Bh7+ Kxh7 25. Rxb3 e5 26. fxe5 Nxe5 27. Nxe5
Bxe5 28. Re2 Be6 29. Rb6 Bc7 30. Rbxe6 fxe6 31. Rxe6 d3 32. Re7 1-0

[Event "C.to Sociale Alfieri"]
[Site "Torino ITA"]
[Date "2009.11.08"]
[Round "8"]
[White "Topczewski, Damian"]
[Black "Faraoni, Enrico"]
[Result "1/2-1/2"]
[WhiteElo "2126"]
[BlackElo "2088"]
[PlyCount "30"]
[EventDate "2009.10.10"]

1. e4 c5 2. Nf3 Nc6 3. Bb5 g6 4. O-O Bg7 5. c3 Nf6 6. Re1 O-O 7. d4 cxd4 8.
cxd4 d5 9. e5 Ne8 10. h3 Nc7 11. Bd3 Ne6 12. Be3 f6 13. exf6 Bxf6 14. Bb5 Qb6
15. Nc3 Rd8 1/2-1/2

[Event "IX Festival Citta' di Varese"]
[Site "Varese ITA"]
[Date "2009.10.10"]
[Round "1"]
[White "Centofante, Maria Rosa"]
[Black "Guzzetti, Luigi Enrico"]
[Result "0-1"]
[WhiteElo "1625"]
[BlackElo "1863"]
[PlyCount "98"]
[EventDate "2009.10.10"]

1. d4 Nf6 2. Nf3 g6 3. c4 Bg7 4. Nc3 d6 5. e4 O-O 6. Be2 c5 7. d5 Na6 8. O-O
Nc7 9. h3 a6 10. Be3 b5 11. cxb5 axb5 12. Nxb5 Nxe4 13. Qc2 Nf6 14. Nxc7 Qxc7
15. Bc4 Qb7 16. b3 Nxd5 17. Bxd5 Qxd5 18. Rad1 Qf5 19. Qd2 Bb7 20. Nh4 Qe4 21.
f4 Bf6 22. Nf3 Qb4 23. Qc2 Be4 24. Qe2 Bc6 25. Qc2 Qc3 26. Qxc3 Bxc3 27. Rf2
Bxf3 28. Rxf3 Bf6 29. Rd2 Rfc8 30. g4 c4 31. bxc4 Rxc4 32. g5 Bg7 33. f5 gxf5
34. Rxf5 Re4 35. Rf3 Ra3 36. Kf2 Rea4 37. Rf4 Rxa2 38. Rxa4 Rxa4 39. Rd3 f6 40.
Kg3 Kf7 41. h4 Kg6 42. Kh3 fxg5 43. Bxg5 Bf6 44. Bxf6 Kxf6 45. Rf3+ Ke6 46. Rf8
h5 47. Rh8 Ra5 48. Kg3 Rf5 49. Rg8 d5 0-1

[Event "IX Festival Citta' di Varese"]
[Site "Varese ITA"]
[Date "2009.10.10"]
[Round "1"]
[White "Collobiano, Alberto"]
[Black "Nunziata, Vincenzo"]
[Result "1/2-1/2"]
[WhiteElo "1993"]
[BlackElo "1679"]
[PlyCount "66"]
[EventDate "2009.10.10"]

1. e4 c5 2. Nf3 d6 3. d4 cxd4 4. Nxd4 Nf6 5. Nc3 a6 6. Bg5 e6 7. Bc4 Be7 8. O-O
Qc7 9. Bb3 O-O 10. Qf3 Bd7 11. Qg3 Re8 12. Rad1 Nc6 13. Bh6 g6 14. Kh1 Na5 15.
f4 Nxb3 16. axb3 d5 17. e5 Ne4 18. Nxe4 dxe4 19. Rd2 f5 20. Rfd1 b5 21. c3 Rad8
22. b4 Bc8 23. h4 Kf7 24. Bg5 Bb7 25. Re1 Bxg5 26. Qxg5 Qe7 27. Qh6 Rh8 28. Re3
Qf8 29. Qg5 Qe7 30. Qg3 h6 31. Qf2 g5 32. h5 gxf4 33. Qxf4 Qg5 1/2-1/2

[Event "IX Festival Citta' di Varese"]
[Site "Varese ITA"]
[Date "2009.10.10"]
[Round "1"]
[White "Donghi, Fabio"]
[Black "Cardani, Roberto"]
[Result "0-1"]
[WhiteElo "1664"]
[BlackElo "1943"]
[PlyCount "54"]
[EventDate "2009.10.10"]

1. d4 Nf6 2. c4 e6 3. Nc3 Bb4 4. Bd2 O-O 5. Nf3 d5 6. e3 b6 7. Rc1 Bb7 8. cxd5
Bxc3 9. Bxc3 Nxd5 10. Be2 Nd7 11. Bd2 c5 12. O-O Rc8 13. dxc5 Nxc5 14. Nd4 Qe7
15. f3 Rfd8 16. b4 Qg5 17. Kf2 e5 18. bxc5 exd4 19. exd4 Qh4+ 20. Kg1 Qxd4+ 21.
Kh1 Ne3 22. Bxe3 Qxe3 23. Qxd8+ Rxd8 24. c6 Qxe2 25. c7 Rc8 26. Rfd1 g6 27. Re1
Rxc7 0-1

[Event "IX Festival Citta' di Varese"]
[Site "Varese ITA"]
[Date "2009.10.10"]
[Round "1"]
[White "Lanza, Francesco Paolo"]
[Black "Cordiano, Franco"]
[Result "1-0"]
[WhiteElo "1689"]
[BlackElo "1218"]
[PlyCount "81"]
[EventDate "2009.10.10"]

1. e4 e5 2. Nf3 d6 3. Bc4 Be6 4. Bxe6 fxe6 5. d4 Nd7 6. O-O Qe7 7. Bg5 Ngf6 8.
dxe5 dxe5 9. Nc3 O-O-O 10. Qe2 h6 11. Bh4 g5 12. Bg3 g4 13. Nxe5 Nxe5 14. Bxe5
a6 15. Rfd1 Bg7 16. Rxd8+ Rxd8 17. Rd1 Rxd1+ 18. Qxd1 h5 19. Qd4 b6 20. a3 c5
21. Qd3 b5 22. Na2 h4 23. c4 b4 24. axb4 Nh5 25. Bxg7 Qxg7 26. Qc3 Qd7 27. Qc2
Nf4 28. bxc5 Qc6 29. b4 h3 30. g3 Ng2 31. Qe2 e5 32. Qxg4+ Kc7 33. Qxh3 Qxe4
34. Qxg2 Qb1+ 35. Qf1 Qxa2 36. Qd3 Qa1+ 37. Kg2 Qd4 38. Qxd4 exd4 39. f4 d3 40.
Kf2 d2 41. Ke2 1-0

[Event "IX Festival Citta' di Varese"]
[Site "Varese ITA"]
[Date "2009.10.10"]
[Round "1"]
[White "Maccarini, Luca Nicola"]
[Black "Falchi, Claudio"]
[Result "1-0"]
[WhiteElo "1838"]
[BlackElo "1599"]
[PlyCount "35"]
[EventDate "2009.10.10"]

1. d4 d5 2. Nf3 Nf6 3. c4 c6 4. Nc3 Bf5 5. cxd5 cxd5 6. Qb3 b6 7. Bf4 a6 8. e3
e6 9. Rc1 b5 10. a4 b4 11. Na2 a5 12. Bc7 Qe7 13. Bb5+ Nfd7 14. Bxa5 f6 15.
Rc8+ Kf7 16. Bxb4 Nc5 17. Bxc5 Qb7 18. Be8+ 1-0

[Event "IX Festival Citta' di Varese"]
[Site "Varese ITA"]
[Date "2009.10.10"]
[Round "1"]
[White "Madaschi, Sergio"]
[Black "Pepa, Syrja"]
[Result "0-1"]
[WhiteElo "1576"]
[BlackElo "1835"]
[PlyCount "121"]
[EventDate "2009.10.10"]

1. e4 e6 2. d3 d5 3. Nd2 Bc5 4. Ngf3 Ne7 5. Be2 Ng6 6. Nb3 Bb6 7. O-O O-O 8. c3
c5 9. Be3 Qe7 10. Qc2 Nc6 11. d4 c4 12. Nbd2 Bc7 13. Rfe1 f5 14. exf5 exf5 15.
Bg5 Qf7 16. Nf1 f4 17. h3 Bf5 18. Qd2 Be4 19. N1h2 Qf5 20. b3 b5 21. bxc4 bxc4
22. Bd1 h6 23. Bh4 Qh5 24. g3 fxg3 25. fxg3 Bxf3 26. Bxf3 Rxf3 27. Nxf3 Qxf3
28. Re3 Nxh4 29. gxh4 Qh5 30. Rae1 Nd8 31. Re7 Bd6 32. Rd7 Qg6+ 33. Qg2 Qxg2+
34. Kxg2 Nf7 35. Rf1 Rf8 36. Rxa7 g5 37. hxg5 Nxg5 38. Rxf8+ Kxf8 39. Ra5 Ne4
40. Rxd5 Ke7 41. Rh5 Nxc3 42. Ra5 Ne2 43. d5 c3 44. Ra4 c2 45. Rc4 c1=Q 46.
Rxc1 Nxc1 47. a4 Nb3 48. Kf3 Ba3 49. Kf4 Kd6 50. Kf5 Kxd5 51. h4 Bb4 52. Kg6
Bd2 53. Kf5 Kc4 54. Ke4 Kb4 55. Kd3 Kxa4 56. Kc2 Be1 57. h5 Nc5 58. Kd1 Bc3 59.
Ke2 Kb5 60. Kf3 Kc6 61. Kg4 0-1

[Event "IX Festival Citta' di Varese"]
[Site "Varese ITA"]
[Date "2009.10.10"]
[Round "1"]
[White "Mazzarone, Maurizio"]
[Black "Tosetto, Flavio"]
[Result "1-0"]
[WhiteElo "1918"]
[BlackElo "1656"]
[PlyCount "97"]
[EventDate "2009.10.10"]

1. d4 Nf6 2. Nf3 g6 3. Bf4 Bg7 4. e3 d6 5. h3 O-O 6. Be2 Nbd7 7. O-O b6 8. c3
Bb7 9. Qb3 a5 10. a4 c5 11. Nbd2 Rc8 12. Rfe1 d5 13. Bb5 c4 14. Qc2 Ne4 15. Ng5
e5 16. Ngxe4 dxe4 17. dxe5 Nxe5 18. Bxe5 Bxe5 19. Nxc4 Qc7 20. Nxe5 Qxe5 21.
Rad1 Rfd8 22. Rxd8+ Rxd8 23. Rd1 Rxd1+ 24. Qxd1 Qd5 25. Qd4 Qxd4 26. cxd4 Kf8
27. Kf1 Ke7 28. Ke2 Kd6 29. Kd2 h6 30. Kc3 f6 31. Be2 Bc6 32. b3 Bd5 33. f3 f5
34. fxe4 fxe4 35. Bc4 Bc6 36. Bf7 g5 37. Kc4 Bd7 38. Bd5 Bf5 39. Bb7 Be6+ 40.
d5 Bf5 41. Kd4 Bh7 42. Bc8 h5 43. g4 hxg4 44. hxg4 Bg6 45. Bf5 Bxf5 46. gxf5 g4
47. Kxe4 g3 48. Kf3 Kxd5 49. e4+ 1-0

[Event "IX Festival Citta' di Varese"]
[Site "Varese ITA"]
[Date "2009.10.10"]
[Round "1"]
[White "Mondini, Francesco"]
[Black "Carbone, Lorenzo"]
[Result "0-1"]
[WhiteElo "1472"]
[BlackElo "1812"]
[PlyCount "82"]
[EventDate "2009.10.10"]

1. c4 c5 2. Nc3 e6 3. g3 Nf6 4. Bg2 Be7 5. Nf3 O-O 6. e4 d6 7. b3 Nc6 8. Bb2
Nb4 9. d4 cxd4 10. Nxd4 Rb8 11. O-O Bd7 12. Nc2 Nc6 13. f4 Qb6+ 14. Kh1 Na5 15.
Qd4 Qc7 16. Rad1 Nc6 17. Qd3 a6 18. Ne2 b5 19. cxb5 Rxb5 20. Ncd4 Rh5 21. Rc1
Qb7 22. e5 Nd5 23. Qf3 Rh6 24. Nxc6 Bxc6 25. Nd4 Bd7 26. Rf2 dxe5 27. fxe5 Bg5
28. Rc4 Be7 29. Rfc2 Qb8 30. Nc6 Bxc6 31. Rxc6 Nb4 32. Rc7 Nxc2 33. Rxe7 Qb4
34. Rb7 Qe1+ 35. Bf1 Ne3 36. Kg1 Qxf1+ 37. Qxf1 Nxf1 38. Kxf1 Rxh2 39. Ba3 Ra8
40. Bd6 Rxa2 41. b4 h6 0-1

[Event "IX Festival Citta' di Varese"]
[Site "Varese ITA"]
[Date "2009.10.10"]
[Round "1"]
[White "Nipote, Mario"]
[Black "Macchi, Marco"]
[Result "1-0"]
[WhiteElo "1419"]
[BlackElo "1708"]
[PlyCount "115"]
[EventDate "2009.10.10"]

1. d4 f5 2. Nf3 Nf6 3. c4 g6 4. Nc3 Bg7 5. Bg5 O-O 6. e3 d6 7. Bd3 Na6 8. a3 c5
9. O-O Nc7 10. Re1 cxd4 11. exd4 Ne6 12. d5 Nxg5 13. Nxg5 Ng4 14. Nf3 Nxf2 15.
Kxf2 Qb6+ 16. Kf1 Qxb2 17. Ne2 e5 18. Bc2 Qb6 19. Ng5 Re8 20. Ng3 Bf6 21. Nh3
Kg7 22. Rb1 Qc5 23. Qd3 e4 24. Qb3 b6 25. Nf4 Bd7 26. Nxe4 fxe4 27. Bxe4 Rac8
28. Rbc1 Be5 29. Nd3 Rf8+ 30. Bf3 Qc7 31. Nxe5 dxe5 32. Qc3 Rce8 33. Re2 Bg4
34. Re3 Kg8 35. Rce1 Rf4 36. Re4 Rxe4 37. Rxe4 Bf5 38. Re1 e4 39. g3 Qf7 40.
Bg2 Bh3+ 41. Kg1 Bxg2 42. Kxg2 Rf8 43. Qe3 Qf3+ 44. Qxf3 exf3+ 45. Kf2 Rc8 46.
Re4 Kf7 47. Kxf3 b5 48. cxb5 Rc5 49. Rd4 Rxb5 50. Kf4 Kf6 51. h4 h5 52. Ke4 Rb1
53. d6 Re1+ 54. Kd5 Re8 55. g4 Rd8 56. Kc6 Ke6 57. d7 Ke7 58. Kc7 1-0

[Event "IX Festival Citta' di Varese"]
[Site "Varese ITA"]
[Date "2009.10.10"]
[Round "1"]
[White "Novi', Giuseppe"]
[Black "Salerno, Christian"]
[Result "1/2-1/2"]
[WhiteElo "1818"]
[BlackElo "2153"]
[PlyCount "74"]
[EventDate "2009.10.10"]

1. e4 c5 2. Nf3 e6 3. c3 Nc6 4. d4 cxd4 5. cxd4 d5 6. exd5 exd5 7. Be3 Nf6 8.
Qc2 Bd6 9. a3 Qe7 10. Bd3 Bg4 11. Nbd2 Bxf3 12. Nxf3 Bf4 13. O-O Bxe3 14. Rae1
O-O 15. Rxe3 Qd6 16. Rfe1 h6 17. h3 Ne8 18. b4 a6 19. Qb2 Nc7 20. Ne5 Ne6 21.
Nxc6 Qxc6 22. Re5 Rad8 23. Bf5 Nc7 24. Bg4 Rfe8 25. Bf3 Rxe5 26. Rxe5 Re8 27.
Qe2 Rxe5 28. Qxe5 Kf8 29. Qf5 Kg8 30. Qc8+ Ne8 31. Qxc6 bxc6 32. Bg4 Kf8 33.
Bd7 Ke7 34. Bxc6 Nc7 35. a4 Kd6 36. b5 axb5 37. axb5 Ne6 1/2-1/2

[Event "IX Festival Citta' di Varese"]
[Site "Varese ITA"]
[Date "2009.10.10"]
[Round "1"]
[White "Poletto, Daniele"]
[Black "Picchi, Luciano Enrico"]
[Result "1/2-1/2"]
[WhiteElo "1768"]
[BlackElo "1464"]
[PlyCount "53"]
[EventDate "2009.10.10"]

1. c4 f5 2. Nc3 Nf6 3. g3 e6 4. Bg2 Be7 5. e4 d6 6. exf5 exf5 7. d4 O-O 8. Nge2
c6 9. d5 c5 10. O-O Nbd7 11. f4 a6 12. b3 Nb6 13. h3 Bd7 14. Kh2 Qe8 15. Ng1
Rb8 16. Re1 Qf7 17. Qc2 Nh5 18. Bb2 Rbe8 19. Re3 Bf6 20. Rae1 Bd4 21. Rxe8 Rxe8
22. Rxe8+ Qxe8 23. Nf3 Qg6 24. Ne2 Bxb2 25. Qxb2 Qf6 26. Qxf6 Nxf6 27. Nd2
1/2-1/2

[Event "IX Festival Citta' di Varese"]
[Site "Varese ITA"]
[Date "2009.10.10"]
[Round "1"]
[White "Schingaro, Angelo"]
[Black "Gerosa, Ottavio"]
[Result "1-0"]
[WhiteElo "1712"]
[BlackElo "1425"]
[PlyCount "135"]
[EventDate "2009.10.10"]

1. e4 d5 2. exd5 Qxd5 3. Nc3 Qa5 4. d4 c6 5. Nf3 Bf5 6. Bd2 e6 7. Bc4 Nf6 8.
Bb3 Nbd7 9. h3 h5 10. Qe2 O-O-O 11. Nd5 Qa6 12. Qxa6 bxa6 13. Nb4 Bxb4 14. Bxb4
Nd5 15. Bd2 f6 16. O-O-O g5 17. c4 N5b6 18. Ba5 Rde8 19. Rhe1 g4 20. Nh4 Bh7
21. Bc3 Re7 22. d5 e5 23. dxc6 Nc5 24. f4 Nd3+ 25. Rxd3 Bxd3 26. c5 Nc4 27.
Bxc4 Bxc4 28. Ng6 Rhe8 29. Nxe7+ Rxe7 30. fxe5 fxe5 31. b3 Bd5 32. Rxe5 Rxe5
33. Bxe5 Bxc6 34. hxg4 hxg4 35. g3 Kd7 36. Kd2 Ke6 37. Bb8 Kf5 38. Ke3 a5 39.
Bxa7 Ke5 40. Bb8+ Kd5 41. Bd6 a4 42. Kf4 axb3 43. axb3 Bd7 44. b4 Kc4 45. c6
Bxc6 46. Kxg4 Kb5 47. Kg5 Bd5 48. g4 Be6 49. Kh5 Bg8 50. g5 Kc6 51. Bc5 Kd7 52.
Kg6 Ke8 53. Kf6 Bc4 54. g6 Bg8 55. b5 Kd7 56. Kg7 Bc4 57. b6 Kc6 58. Bd4 Kb7
59. Kf8 Bd5 60. g7 Be6 61. g8=Q Bxg8 62. Kxg8 Kc6 63. Kf7 Kb7 64. Ke7 Kc6 65.
Kd8 Kb7 66. Kd7 Kb8 67. Kc6 Kc8 68. b7+ 1-0

[Event "IX Festival Citta' di Varese"]
[Site "Varese ITA"]
[Date "2009.10.10"]
[Round "2"]
[White "Carbone, Lorenzo"]
[Black "Nipote, Mario"]
[Result "0-1"]
[WhiteElo "1812"]
[BlackElo "1419"]
[PlyCount "112"]
[EventDate "2009.10.10"]

1. e4 c6 2. c4 d5 3. exd5 cxd5 4. cxd5 Qxd5 5. Nc3 Qd8 6. Bb5+ Bd7 7. Qa4 Nf6
8. Nf3 e6 9. Ne5 Be7 10. O-O O-O 11. Nxd7 Nbxd7 12. d4 a6 13. Bd3 Nc5 14. Bxh7+
Nxh7 15. dxc5 Bxc5 16. Bf4 Qb6 17. Qc2 Rac8 18. Rad1 Rfd8 19. Rxd8+ Qxd8 20.
Rd1 Qe7 21. Qe2 Re8 22. Rd3 Nf6 23. Rh3 Qd7 24. Be5 Be7 25. g4 Nh7 26. Ne4 f6
27. Bc3 e5 28. Qc4+ Kh8 29. Qe2 Kg8 30. Qf3 Qc6 31. Qf5 Ng5 32. Nxg5 fxg5 33.
Qc2 Qe6 34. Qh7+ Kf7 35. Rf3+ Bf6 36. Qe4 Qd7 37. Rd3 Qc7 38. Qf5 Re6 39. Rf3
Qc6 40. Rd3 g6 41. Qf3 Qxf3 42. Rxf3 e4 43. Rxf6+ Rxf6 44. Bxf6 Kxf6 45. Kg2
Ke5 46. Kg3 b5 47. a3 a5 48. b3 b4 49. a4 Kd4 50. h4 gxh4+ 51. Kxh4 Kc3 52. Kg5
Kxb3 53. Kxg6 Kxa4 54. Kf7 b3 55. g5 b2 56. g6 b1=Q 0-1

[Event "IX Festival Citta' di Varese"]
[Site "Varese ITA"]
[Date "2009.10.10"]
[Round "2"]
[White "Cardani, Roberto"]
[Black "D'Aulisa, Francesco"]
[Result "1-0"]
[WhiteElo "1943"]
[BlackElo "1754"]
[PlyCount "67"]
[EventDate "2009.10.10"]

1. e4 d6 2. d4 e6 3. Nc3 a6 4. Nf3 h6 5. Bc4 Nd7 6. a4 b6 7. O-O Ne7 8. Be3 Bb7
9. d5 e5 10. Qe2 g5 11. Ne1 Ng6 12. g3 Rg8 13. Kh1 Bc8 14. Ng2 Nf6 15. f4 gxf4
16. gxf4 Bh3 17. Rg1 Ng4 18. fxe5 Bxg2+ 19. Rxg2 N6xe5 20. Bxa6 Qh4 21. Bb5+
Kd8 22. Rag1 Rg6 23. Bf4 Be7 24. Bg3 Qh5 25. Bxe5 Qxe5 26. Rxg4 Bg5 27. h4 Bf4
28. Rxg6 fxg6 29. Qg4 Ke7 30. Qxg6 Rf8 31. Qg7+ Rf7 32. Qg8 Be3 33. Rg6 Rf1+
34. Bxf1 1-0

[Event "IX Festival Citta' di Varese"]
[Site "Varese ITA"]
[Date "2009.10.10"]
[Round "2"]
[White "Donghi, Fabio"]
[Black "Madaschi, Sergio"]
[Result "0-1"]
[WhiteElo "1664"]
[BlackElo "1576"]
[PlyCount "92"]
[EventDate "2009.10.10"]

1. d4 Nf6 2. c4 g6 3. Nc3 Bg7 4. Nf3 O-O 5. e3 d6 6. Be2 Nbd7 7. O-O c6 8. Qc2
e5 9. Rd1 Qc7 10. dxe5 dxe5 11. e4 Nc5 12. h3 b6 13. b3 Bb7 14. Ba3 Rfd8 15.
Bxc5 bxc5 16. Na4 Bf8 17. Nc3 Nh5 18. Rxd8 Rxd8 19. Rd1 f6 20. g3 Ng7 21. Rxd8
Qxd8 22. Qd3 Qxd3 23. Bxd3 Ne6 24. Kg2 Nd4 25. Nh2 Bc8 26. Ng4 Kf7 27. Ne3 Ke6
28. h4 Kd6 29. f4 exf4 30. gxf4 Bh6 31. Kg3 Ne6 32. Ne2 Bg7 33. f5 Nd4 34. fxg6
hxg6 35. e5+ fxe5 36. Bxg6 Nxe2+ 37. Kf3 Nc1 38. Ke4 Nxa2 39. Nf5+ Bxf5+ 40.
Kxf5 Nc3 41. Kg5 e4 42. h5 e3 43. Bd3 e2 44. Bxe2 Nxe2 45. Kg6 Be5 46. h6 Nd4
0-1

[Event "IX Festival Citta' di Varese"]
[Site "Varese ITA"]
[Date "2009.10.10"]
[Round "2"]
[White "Fantina, Carla"]
[Black "Maccarini, Luca Nicola"]
[Result "0-1"]
[WhiteElo "1728"]
[BlackElo "1838"]
[PlyCount "100"]
[EventDate "2009.10.10"]

1. c4 Nf6 2. Nc3 e6 3. g3 d5 4. cxd5 exd5 5. d4 Be7 6. Bg2 O-O 7. Nf3 c6 8. O-O
h6 9. h3 Bf5 10. Qb3 Qc8 11. Kh2 Na6 12. Bf4 Re8 13. Rac1 Bb4 14. Ne5 Bxc3 15.
bxc3 Nh5 16. Be3 Nf6 17. c4 dxc4 18. Nxc4 Be6 19. Qa3 Bxc4 20. Rxc4 Nc7 21. Qd3
Ncd5 22. a4 Qe6 23. Bxd5 Nxd5 24. a5 Nxe3 25. fxe3 Qxe3 26. Qxe3 Rxe3 27. Rf2
Ra3 28. Rc5 Rd8 29. a6 Rxa6 30. e3 Rd5 31. Rcc2 Raa5 32. g4 Rab5 33. Kg3 a5 34.
h4 a4 35. Kf4 a3 36. Ke4 Rb3 37. Ra2 Rdb5 38. Rf4 Rc3 39. Raf2 Rbb3 40. R4f3 f6
41. Re2 Rb2 42. Rff2 Rcb3 43. Kf3 Rxe2 44. Rxe2 Rb2 45. Re1 a2 46. Ra1 b5 47.
Ke4 b4 48. Kd3 b3 49. Rc1 Rb1 50. Rxc6 a1=Q 0-1

[Event "IX Festival Citta' di Varese"]
[Site "Varese ITA"]
[Date "2009.10.10"]
[Round "2"]
[White "Guzzetti, Luigi Enrico"]
[Black "Schingaro, Angelo"]
[Result "1-0"]
[WhiteElo "1863"]
[BlackElo "1712"]
[PlyCount "53"]
[EventDate "2009.10.10"]

1. e4 c5 2. Nf3 d6 3. d4 cxd4 4. Nxd4 Nf6 5. Nc3 a6 6. Be2 e6 7. Be3 b5 8. a3
Bb7 9. f3 Be7 10. O-O Nbd7 11. Qe1 O-O 12. Qf2 Rc8 13. Rad1 d5 14. exd5 Nxd5
15. Nxd5 Bxd5 16. Rd2 Nf6 17. Rfd1 Qc7 18. g3 Rfd8 19. c3 Qb7 20. g4 Bc4 21.
Bxc4 Rxc4 22. Ne2 Rxd2 23. Rxd2 Nd5 24. Kg2 Nxe3+ 25. Qxe3 Rxg4+ 26. Ng3 Bg5
27. Qxg5 1-0

[Event "IX Festival Citta' di Varese"]
[Site "Varese ITA"]
[Date "2009.10.10"]
[Round "2"]
[White "Macchi, Marco"]
[Black "Mondini, Francesco"]
[Result "1/2-1/2"]
[WhiteElo "1708"]
[BlackElo "1472"]
[PlyCount "70"]
[EventDate "2009.10.10"]

1. e4 e6 2. d4 d5 3. Nc3 Bb4 4. e5 c5 5. a3 Bxc3+ 6. bxc3 c4 7. Qg4 Ne7 8. Qxg7
Rg8 9. Qxh7 Qa5 10. Bd2 Nd7 11. Nf3 Nf8 12. Qh5 Bd7 13. Ng5 Nfg6 14. Qf3 Nf5
15. g4 Nh6 16. h4 O-O-O 17. Nxf7 Nxf7 18. Qxf7 Rdf8 19. Qh7 Nf4 20. Qe7 Qa4 21.
Bxf4 Rxf4 22. Ra2 Rgf8 23. Rh2 R8f7 24. Qb4 Rxg4 25. Qxa4 Bxa4 26. Be2 Rg1+ 27.
Kd2 a5 28. h5 Rh7 29. Rh4 Be8 30. f4 Rg2 31. Ra1 Rxh5 32. Rah1 Rxh4 33. Rxh4
Bg6 34. Rg4 Rxg4 35. Bxg4 Kd7 1/2-1/2

[Event "IX Festival Citta' di Varese"]
[Site "Varese ITA"]
[Date "2009.10.10"]
[Round "2"]
[White "Nunziata, Vincenzo"]
[Black "Poletto, Daniele"]
[Result "0-1"]
[WhiteElo "1679"]
[BlackElo "1768"]
[PlyCount "68"]
[EventDate "2009.10.10"]

1. e4 c5 2. c3 Nf6 3. e5 Nd5 4. Nf3 Nc6 5. Bc4 Nb6 6. Bb3 d5 7. d4 cxd4 8. cxd4
Bf5 9. Nc3 a6 10. O-O e6 11. Bg5 Be7 12. Bxe7 Qxe7 13. Na4 Nxa4 14. Bxa4 b5 15.
Bc2 Bxc2 16. Qxc2 Rc8 17. Rfd1 O-O 18. Qd2 Qb4 19. Qd3 h6 20. a3 Qe7 21. Nd2
Na5 22. Nb3 Nxb3 23. Qxb3 Qc7 24. a4 Qc4 25. Qxc4 bxc4 26. b4 cxb3 27. Rab1 Rc3
28. g3 Rfc8 29. Rb2 R8c4 30. Rdb1 Rxd4 31. Rxb3 Rxb3 32. Rxb3 Rxa4 33. Kf1 g5
34. f3 Ra2 0-1

[Event "IX Festival Citta' di Varese"]
[Site "Varese ITA"]
[Date "2009.10.10"]
[Round "2"]
[White "Pepa, Syrja"]
[Black "Lanza, Francesco Paolo"]
[Result "1/2-1/2"]
[WhiteElo "1835"]
[BlackElo "1689"]
[PlyCount "96"]
[EventDate "2009.10.10"]

1. e4 c5 2. Nf3 Nc6 3. d4 cxd4 4. Nxd4 d6 5. Nc3 Nf6 6. Be3 e6 7. Qd2 Be7 8. h3
Bd7 9. Be2 a6 10. O-O O-O 11. f4 Nxd4 12. Bxd4 Bc6 13. Bd3 d5 14. e5 Nd7 15.
Rf3 f6 16. Raf1 f5 17. Kh2 Nc5 18. Bxc5 Bxc5 19. Ne2 Be7 20. Nd4 Bd7 21. c3 Rc8
22. Rg1 g6 23. g4 Bc5 24. gxf5 exf5 25. Bc2 Bxd4 26. Qxd4 Be6 27. Bb3 Rf7 28.
Rd3 Rd7 29. Rgd1 Qc7 30. Qb4 Rcd8 31. a4 b6 32. Qd4 Qc5 33. Ba2 Qxd4 34. Rxd4
Kf7 35. c4 dxc4 36. Rxd7+ Bxd7 37. Bxc4+ Ke7 38. Bxa6 Bxa4 39. Rxd8 Kxd8 40.
Bc4 Ke7 41. Kg3 Bd7 42. h4 h6 43. Kf3 Be6 44. b3 b5 45. Bxe6 Kxe6 46. Ke3 g5
47. hxg5 hxg5 48. fxg5 Kxe5 1/2-1/2

[Event "IX Festival Citta' di Varese"]
[Site "Varese ITA"]
[Date "2009.10.10"]
[Round "2"]
[White "Picchi, Luciano Enrico"]
[Black "Novi', Giuseppe"]
[Result "0-1"]
[WhiteElo "1464"]
[BlackElo "1818"]
[PlyCount "82"]
[EventDate "2009.10.10"]

1. e4 e6 2. Nf3 c5 3. Be2 d6 4. Nc3 Nc6 5. O-O Nf6 6. d3 Be7 7. Na4 b5 8. Nc3
a6 9. a3 O-O 10. Bd2 Bb7 11. Bg5 h6 12. Bf4 Nd7 13. Nd2 Nde5 14. Bg4 Nxg4 15.
Qxg4 Kh7 16. Nf3 Bf6 17. Qg3 e5 18. Bd2 Ne7 19. Nh4 g6 20. f4 exf4 21. Qxf4
Bd4+ 22. Kh1 g5 23. Qg4 gxh4 24. Qxh4 Bg7 25. Rf3 Ng6 26. Qh5 Qh4 27. Qf5 Qe7
28. Raf1 Qe5 29. Qd7 Bc8 30. Qc6 Be6 31. Nd5 Bxd5 32. exd5 Qe7 33. Re1 Ne5 34.
Rxe5 Qxe5 35. Re3 Qf4 36. h3 Be5 37. Rxe5 Qxe5 38. Qd7 Rad8 39. Qg4 Qxd5 40.
Bc3 Rg8 41. Qf3 Qxf3 0-1